Against Meidias : (Record no. 34)
[ view plain ]
| 000 -LEADER | |
|---|---|
| fixed length control field | 01265aam a2200325 a 4500 |
| 001 - CONTROL NUMBER | |
| control field | 13633316 |
| 005 - DATE AND TIME OF LATEST TRANSACTION | |
| control field | 20200421093817.0 |
| 008 - FIXED-LENGTH DATA ELEMENTS--GENERAL INFORMATION | |
| fixed length control field | 040105r20021990enka b 001 0 eng |
| 010 ## - LIBRARY OF CONGRESS CONTROL NUMBER | |
| LC control number | 2004426572 |
| 015 ## - NATIONAL BIBLIOGRAPHY NUMBER | |
| National bibliography number | GBA2-W1538 |
| 020 ## - INTERNATIONAL STANDARD BOOK NUMBER | |
| International Standard Book Number | 1853996394 (pbk.) |
| 035 ## - SYSTEM CONTROL NUMBER | |
| System control number | (OCoLC)ocm50176586 |
| 040 ## - CATALOGING SOURCE | |
| Original cataloging agency | UKM |
| Modifying agency | UKM |
| -- | CUS |
| Transcribing agency | DLC |
| 041 1# - LANGUAGE CODE | |
| Language code of text/sound track or separate title | eng |
| Language code of original | grc |
| 050 00 - LIBRARY OF CONGRESS CALL NUMBER | |
| Classification number | PA3950 |
| Item number | .M7 2002 |
| 082 00 - DEWEY DECIMAL CLASSIFICATION NUMBER | |
| Classification number | 885/.01 |
| Edition information | 22 |
| 100 0# - MAIN ENTRY--PERSONAL NAME | |
| Personal name | Demosthenes. |
| 9 (RLIN) | 602 |
| 240 10 - UNIFORM TITLE | |
| Uniform title | Against Midias. |
| Language of a work | English & Greek |
| 245 10 - TITLE STATEMENT | |
| Title | Against Meidias : |
| Remainder of title | (Oration 21) / |
| Statement of responsibility, etc. | edited with introduction, translation and commentary by Douglas M. MacDowell. |
| 260 ## - PUBLICATION, DISTRIBUTION, ETC. | |
| Place of publication, distribution, etc. | Bristol : |
| Name of publisher, distributor, etc. | Bristol Classical, |
| Date of publication, distribution, etc. | 2002. |
| 300 ## - PHYSICAL DESCRIPTION | |
| Extent | xvi, 440 p. : |
| Other physical details | ill. ; |
| Dimensions | 22 cm. |
| 440 #0 - SERIES STATEMENT/ADDED ENTRY--TITLE | |
| Title | Classic commentaries on Greek and Latin texts |
| 9 (RLIN) | 603 |
| 504 ## - BIBLIOGRAPHY, ETC. NOTE | |
| Bibliography, etc. note | Includes bibliographical references (p. [ix]-xvi) and indexes. |
| 546 ## - LANGUAGE NOTE | |
| Language note | Parallel Ancient Greek text and English translation. |
| 650 #0 - SUBJECT ADDED ENTRY--TOPICAL TERM | |
| Topical term or geographic name entry element | Speeches, addresses, etc., Greek |
| Form subdivision | Translations into English. |
| 9 (RLIN) | 604 |
| 700 1# - ADDED ENTRY--PERSONAL NAME | |
| Personal name | MacDowell, Douglas M. |
| Fuller form of name | (Douglas Maurice) |
| 9 (RLIN) | 605 |
| 906 ## - LOCAL DATA ELEMENT F, LDF (RLIN) | |
| a | 7 |
| b | cbc |
| c | copycat |
| d | 2 |
| e | ncip |
| f | 20 |
| g | y-gencatlg |
| 942 ## - ADDED ENTRY ELEMENTS (KOHA) | |
| Source of classification or shelving scheme | Dewey Decimal Classification |
| Koha item type | Books |
| Withdrawn status | Lost status | Damaged status | Not for loan | Collection | Home library | Current library | Shelving location | Date acquired | Barcode | Date last seen | Price effective from | Koha item type |
|---|---|---|---|---|---|---|---|---|---|---|---|---|
| Reference | Fairview | Fairview | General stacks | 09/04/2014 | 39999000001495 | 09/04/2014 | 09/04/2014 | Books |